Nebývajúci občan je stratený v legislatívnych dierach

Nedostatky legislatívy v oblasti bytového hospodárstva. Daň z prevodu nehnuteľnosti. Zánik práva disponovať s bytmi. Zľava z nájomného. Výmena bytových prvkov.

Na minha lista:
Detalhes bibliográficos
Autor principal: Zemanová, E.
Formato: Capítulo de Livro
Idioma:eslovaco
Assuntos:
Tags: Adicionar Tag
Sem tags, seja o primeiro a adicionar uma tag!

MARC

LEADER 00000naa a2200000 4500
001 r020702
005 20230801104727.6
041 0 |a slo 
044 |a SK 
245 1 0 |a Nebývajúci občan je stratený v legislatívnych dierach  |c E. Zemanová 
520 |a Nedostatky legislatívy v oblasti bytového hospodárstva. Daň z prevodu nehnuteľnosti. Zánik práva disponovať s bytmi. Zľava z nájomného. Výmena bytových prvkov. 
610 2 0 |a Slovensko 
610 2 0 |a 1996 
610 2 0 |a hospodárstvo bytové 
610 2 0 |a legislatíva 
610 2 0 |a byty 
100 1 |a Zemanová, E.